00607nam a2200193Ia 4500008004100000020001800041041000800059082001500067100002300082245002600105260003600131300000900167500001600176650001600192700002300208906000700231999001700238952015800255230125s9999 xx 000 0 und d a81-7829-370-6 aeng a659.1bTEL aTellis G J9109185 aEffective advertising c2004bResponse BooksaNew Delhi a201p aadvertising aAdvertising aTellis G J9109185 b56 c85881d85881 00104070aHIMRbHIMRd2004-08-02eAbha book sellerg280.00i266l0o659.1 TEL B03990pHIMR-BK-3990r2023-01-25 00:00:00v224.00w2004-07-22yBKzB03990